[Event "HSK-Weihnachtsopen 22"]
[Site "?"]
[Date "2022.12.30"]
[Round "7.2"]
[White "Brinkmann, Fabian"]
[Black "Skibbe, Willi"]
[Result "1-0"]
[WhiteElo "2147"]
[BlackElo "2189"]
[PlyCount "59"]
[SourceVersionDate "2022.12.29"]

1. d4 d5 2. c4 e6 3. Nf3 Nf6 4. g3 dxc4 5. Qa4+ Nbd7 6. Bg2 a6 7. Qxc4 b5 8.
Qc2 Bb7 9. O-O c5 10. a4 Rc8 11. axb5 axb5 12. Qb3 b4 13. Bg5 c4 14. Qc2 Qb6
15. Rc1 Be4 16. Qa4 h6 17. Bxf6 gxf6 18. Nbd2 Bd5 19. e4 Bc6 20. Qa5 Bb5 21.
Qxb6 Nxb6 22. Ra5 Bd7 23. Ra6 Na4 24. Rxc4 Nxb2 25. Rxc8+ Bxc8 26. Ra8 Kd7 27.
Ra7+ Ke8 28. Bf1 Bd7 29. Ra8+ Ke7 30. Rb8 1-0

[Event "HSK-Weihnachtsopen 22"]
[Site "?"]
[Date "2022.12.30"]
[Round "7.3"]
[White "Keyser, Robin"]
[Black "Schroeder, Christoph"]
[Result "1/2-1/2"]
[WhiteElo "2117"]
[BlackElo "2114"]
[PlyCount "156"]
[SourceVersionDate "2022.12.29"]

1. d4 f5 2. g3 Nf6 3. Bg2 e6 4. Nf3 d5 5. c4 c6 6. O-O Bd6 7. Nc3 O-O 8. Qc2
Qe7 9. Rb1 Nbd7 10. cxd5 exd5 11. Qxf5 Ne4 12. Qh5 Ndf6 13. Qh4 Nxc3 14. bxc3
Qxe2 15. Rb2 Qe4 16. Qg5 Qg4 17. Qxg4 Nxg4 18. Re1 Rb8 19. h3 Nf6 20. Ng5 h6
21. Ne6 Re8 22. Rbe2 Bxe6 23. Rxe6 Kf7 24. R6e2 Rxe2 25. Rxe2 b5 26. f4 Re8 27.
Kf2 Rxe2+ 28. Kxe2 h5 29. Bf3 g6 30. g4 hxg4 31. hxg4 Ng8 32. Ke3 Ne7 33. Be2
a6 34. Bd3 c5 35. dxc5 Bxc5+ 36. Kf3 Kf6 37. Bd2 Nc6 38. Be1 Kf7 39. Bc2 Na5
40. Bf2 Ba3 41. f5 g5 42. Bd4 Be7 43. Ke2 Nc4 44. Bb3 a5 45. a4 bxa4 46. Bxa4
Bf6 47. Bc6 Bxd4 48. Bxd5+ Ke7 49. cxd4 Nd6 50. Kd3 Ne8 51. Kc4 Nd6+ 52. Kd3 a4
53. Bc6 a3 54. Kc2 Nc4 55. Kb1 Ne3 56. Bf3 a2+ 57. Kxa2 Nc2 58. d5 Nd4 59. Bg2
Ne2 60. Kb3 Nf4 61. Bf3 Nd3 62. Kc3 Ne5 63. Be2 Kd6 64. Kd4 Nd7 65. Bf3 Nf6 66.
Kc4 Nd7 67. Kb5 Ne5 68. Be2 Kxd5 69. Kb6 Kd6 70. Kb7 Ke7 71. Kc7 Nf7 72. Bc4
Ne5 73. Be2 Nf7 74. Kc6 Kf6 75. Kd7 Ne5+ 76. Kd6 Nf7+ 77. Kd5 Nh6 78. Bd1 Nxf5
1/2-1/2

[Event "HSK-Weihnachtsopen 22"]
[Site "?"]
[Date "2022.12.30"]
[Round "7.5"]
[White "Atri, Jamshid"]
[Black "Guenther, Patrick"]
[Result "1-0"]
[WhiteElo "2020"]
[BlackElo "2151"]
[PlyCount "105"]
[SourceVersionDate "2022.12.29"]

1. e4 c5 2. Nf3 d6 3. d4 cxd4 4. Nxd4 Nf6 5. Nc3 a6 6. h3 e5 7. Nde2 h5 8. g3
Be6 9. Bg2 Nbd7 10. O-O Be7 11. Be3 Qc7 12. a4 O-O 13. b3 Rfc8 14. Rc1 Qb8 15.
f4 Nf8 16. Nd5 Bxd5 17. exd5 b5 18. fxe5 dxe5 19. d6 Qxd6 20. Qxd6 Bxd6 21.
Bxa8 Rxa8 22. Rfd1 Be7 23. c4 bxa4 24. bxa4 Rc8 25. Kg2 Ne6 26. Bg1 Rc7 27. Rc2
Kh7 28. Nc1 Kg6 29. Nd3 Nd7 30. Re1 f6 31. Nf4+ Nxf4+ 32. gxf4 Bc5 33. Bh2 Bd4
34. fxe5 fxe5 35. Rd1 Rc6 36. Bxe5 Nxe5 37. Rxd4 Kf6 38. h4 Ng6 39. Kg3 Ne7 40.
Rf4+ Nf5+ 41. Kf3 Rc5 42. Rd2 Ke5 43. Rd5+ Rxd5 44. cxd5 g6 45. Rb4 Kxd5 46.
Rb6 Nxh4+ 47. Kf4 Kc5 48. a5 Ng2+ 49. Kf3 Nh4+ 50. Kf4 Ng2+ 51. Ke4 g5 52. Rxa6
Kb5 53. Rg6 1-0

[Event "HSK-Weihnachtsopen 22"]
[Site "?"]
[Date "2022.12.30"]
[Round "7.6"]
[White "Apitzsch, Leon Fabian"]
[Black "Zieher, Hartmut"]
[Result "0-1"]
[WhiteElo "1993"]
[BlackElo "2120"]
[PlyCount "66"]
[SourceVersionDate "2022.12.29"]

1. d4 c5 2. d5 d6 3. c4 e5 4. dxe6 Bxe6 5. Nc3 Nc6 6. e4 Nf6 7. Bf4 Be7 8. Nf3
O-O 9. Bd3 Ng4 10. O-O Nge5 11. Bxe5 dxe5 12. Nd5 Bd6 13. Qd2 h6 14. Ne3 Nd4
15. Nxd4 exd4 16. Nf5 Bc7 17. f4 Bxf5 18. exf5 Ba5 19. Qf2 Re8 20. Qg3 Qf6 21.
Rad1 Re3 22. Rf3 Rae8 23. b3 Qa6 24. Bb1 Be1 25. Qg4 f6 26. Rd3 Re2 27. Rd1 Qa3
28. Rfd3 Bf2+ 29. Kf1 Qb2 30. g3 Be1 31. Qh5 Rf2+ 32. Kg1 Rf1+ 33. Kxf1 Qf2#
0-1

[Event "HSK-Weihnachtsopen 22"]
[Site "?"]
[Date "2022.12.30"]
[Round "7.7"]
[White "Schacht, David"]
[Black "Klaus, Christian"]
[Result "0-1"]
[WhiteElo "1693"]
[BlackElo "2095"]
[PlyCount "110"]
[SourceVersionDate "2022.12.29"]

1. e4 g6 2. d4 Bg7 3. Bc4 d6 4. Nc3 a6 5. f4 e6 6. Nf3 Ne7 7. O-O d5 8. exd5
exd5 9. Bd3 O-O 10. Ne2 Nbc6 11. c3 Nf5 12. Bxf5 Bxf5 13. Ng3 Ne7 14. Nh4 Qd7
15. Nhxf5 Nxf5 16. Qg4 Rae8 17. Bd2 Re7 18. Rae1 Nxg3 19. Qxd7 Rxd7 20. hxg3 f5
21. Re2 Kf7 22. Rfe1 Bf6 23. Kf2 b6 24. b4 Rd6 25. Ke3 Re8+ 26. Kd3 Re4 27.
Rxe4 fxe4+ 28. Ke3 h5 29. a4 Rc6 30. Rb1 Rc4 31. Ra1 c5 32. dxc5 bxc5 33. Ra3
Bxc3 34. b5 Bxd2+ 35. Kxd2 Rb4 36. bxa6 Rb6 37. Rc3 c4 38. Ke3 Rxa6 39. Kd4 Ke6
40. Ra3 Ra5 41. Ra2 Kf5 42. Ra1 Ke6 43. Ra3 Kd6 44. g4 hxg4 45. Rg3 Ke6 46.
Rxg4 Kf5 47. Rg5+ Kxf4 48. Rxg6 c3 49. Kxc3 Rxa4 50. Rd6 Ra3+ 51. Kd2 e3+ 52.
Ke1 Ke4 53. g4 d4 54. Kd1 Kd3 55. Ke1 e2 0-1

[Event "HSK-Weihnachtsopen 22"]
[Site "?"]
[Date "2022.12.30"]
[Round "7.8"]
[White "Laucht, Philipp"]
[Black "Porth, Hartmut"]
[Result "1/2-1/2"]
[WhiteElo "1598"]
[BlackElo "2006"]
[PlyCount "102"]
[SourceVersionDate "2022.12.29"]

1. d4 Nc6 2. Bf4 d5 3. e3 f6 4. Nf3 Bg4 5. Bb5 e6 6. Nbd2 Bd6 7. Bxd6 cxd6 8.
O-O Nge7 9. c4 dxc4 10. Bxc4 d5 11. Bd3 e5 12. Be2 e4 13. Ne1 Bxe2 14. Qxe2 O-O
15. Nb3 Qd6 16. Rc1 Rfc8 17. f3 Nb4 18. a3 Rxc1 19. Nxc1 Rc8 20. Qd2 Na6 21.
Na2 f5 22. Nc3 Nc7 23. Qd1 Qb6 24. Rf2 Nb5 25. Nxb5 {(=)} Qxb5 26. Rc2 Rc4 27.
Qc1 Qb3 28. Rc3 Rxc3 29. Qxc3 Qxc3 30. bxc3 {(=)} b5 31. Kf2 Kf7 32. Ke2 Ke6
33. Nc2 Nc6 34. Nb4 Na5 35. Na6 Kd6 36. Nb4 Nc4 37. Nc2 g5 38. f4 gxf4 39. exf4
{(=)} h5 40. h4 Nb6 41. Ne3 Ke6 42. Nc2 Nc8 43. Nb4 Kd6 44. Nc2 Ne7 45. Ne3 Ke6
46. Kd2 Nc8 47. Kc2 Nd6 48. Kd1 Nc4 49. Nc2 Kd7 50. Ke2 Kc6 51. Nb4+ Kd6
1/2-1/2

[Event "HSK-Weihnachtsopen 22"]
[Site "?"]
[Date "2022.12.30"]
[Round "7.10"]
[White "Mandelkow, Elias"]
[Black "Barembruch, Bruno"]
[Result "1-0"]
[WhiteElo "1891"]
[BlackElo "1485"]
[PlyCount "91"]
[SourceVersionDate "2022.12.29"]

1. d4 d5 2. c4 c6 3. Nc3 Nf6 4. e3 e6 5. Nf3 Nbd7 6. Qc2 Be7 7. b3 Qa5 8. Bd2
Qc7 9. Bd3 O-O 10. O-O Re8 11. e4 dxe4 12. Nxe4 Nxe4 13. Bxe4 Nf6 14. Bd3 b6
15. Rfe1 Bb7 16. Ng5 h6 17. Ne4 Rad8 18. Bc3 Rd7 19. Rad1 Red8 20. Ng3 c5 21.
d5 exd5 22. Bf5 d4 23. Bxd7 Rxd7 24. Bd2 Bd6 25. Qf5 Qc6 26. f3 Re7 27. Rxe7
Bxe7 28. Re1 Bc8 29. Qd3 Bd6 30. Nf5 Bf8 31. h3 Qc7 32. Re2 Nh5 33. Re8 Bxf5
34. Qxf5 Nf6 35. Re1 Bd6 36. Bxh6 Bh2+ 37. Kh1 Qg3 38. Bd2 Qf2 39. Qd3 Bd6 40.
Qf1 Qg3 41. f4 Nh5 42. Qf3 Bxf4 43. Re8+ Kh7 44. Qxh5+ Bh6 45. Qf5+ g6 46.
Qxf7+ 1-0